Państwa zaangażowane w II wojnę światową - Statystyki

Ogólne statystyki
  • Ten quiz został rozwiązany 26 razy
  • Średni wynik to 20 z 25
Statystyki odpowiedzi
Sojusz Państwo % Poprawnych
Alianci Polska
100%
Alianci Wielka Brytania
100%
Włochy
100%
Finlandia
95%
Japonia
95%
Niemcy
95%
Węgry
95%
Alianci Związek Radziecki
95%
Alianci Francja
91%
Alianci Grecja
91%
Alianci Stany Zjednoczone
91%
Alianci Holandia
82%
Alianci Jugosławia
82%
Rumunia
82%
Alianci Belgia
77%
Bułgaria
77%
Alianci Dania
77%
Alianci Norwegia
77%
Alianci Chiny
73%
Alianci Luksemburg
64%
Alianci Australia
59%
Oś (marionetka Niemiec) Słowacja
50%
Alianci Królestwo Egiptu
41%
Irak
36%
Tajlandia
27%
Nie znaleziono quizów pasujących do podanych kryteriów
Rozkład punktacji
Procent ludzi z każdym wynikiem
Percentyl według liczby udzielonych odpowiedzi
Twoja historia wyników
Nie rozwiązałeś tego quizu